<?xml version="1.0" encoding="UTF-8"?>
<record
    xmlns:xsi="http://www.w3.org/2001/XMLSchema-instance"
    xsi:schemaLocation="http://www.loc.gov/MARC21/slim http://www.loc.gov/standards/marcxml/schema/MARC21slim.xsd"
    xmlns="http://www.loc.gov/MARC21/slim">

  <leader>00790nam a22001817a 4500</leader>
  <controlfield tag="003">UA-OsUOA</controlfield>
  <controlfield tag="001"> 18310 </controlfield>
  <controlfield tag="007">ta</controlfield>
  <controlfield tag="008">20040503b un ||||| |||| 00| 0 ukr d</controlfield>
  <datafield tag="100" ind1=" " ind2=" ">
    <subfield code="a">&#x428;&#x435;&#x440;&#x435;&#x448;&#x435;&#x43D;&#x44C; &#x41C;.</subfield>
  </datafield>
  <datafield tag="942" ind1=" " ind2=" ">
    <subfield code="c">SA</subfield>
  </datafield>
  <datafield tag="040" ind1=" " ind2=" ">
    <subfield code="a">UA-OsUOA</subfield>
    <subfield code="c">UA-OsUOA</subfield>
    <subfield code="d">UA-OsUOA</subfield>
  </datafield>
  <datafield tag="245" ind1=" " ind2=" ">
    <subfield code="a">&#x424;&#x440;&#x430;&#x43D;&#x446;&#x443;&#x436;&#x435;&#x43D;&#x43A;&#x430;, &#x44F;&#x43A;&#x430; &#x43D;&#x430;&#x439;&#x447;&#x430;&#x441;&#x442;&#x456;&#x448;&#x435; &#x431;&#x443;&#x432;&#x430;&#x454; &#x443; &#x420;&#x456;&#x432;&#x43D;&#x43E;&#x43C;&#x443;</subfield>
    <subfield code="b">[&#x412;&#x447;&#x438;&#x442;&#x435;&#x43B;&#x44C;&#x43A;&#x430; &#x437; &#x444;&#x440;. &#x43C;&#x456;&#x441;&#x442;&#x430; &#x410;&#x43D;&#x441;&#x43D;&#x456; &#x41C;&#x456;&#x448;&#x435;&#x43B;&#x44C; &#x424;&#x43E;&#x440;&#x442;&#x443;&#x43D;&#x430;&#x442;&#x43E; &#x432;&#x434;&#x435;&#x432;'&#x44F;&#x442;&#x435; &#x437;&#x430; &#x441;&#x456;&#x43C; &#x440;&#x43E;&#x43A;&#x456;&#x432; &#x434;&#x440;&#x443;&#x436;&#x431;&#x438; &#x437; &#x420;&#x456;&#x432;&#x43D;&#x435;&#x43D;. &#x423;&#x43A;&#x440;. &#x43C;&#x456;&#x441;&#x44C;&#x43A;. &#x433;&#x456;&#x43C;&#x43D;&#x430;&#x437;&#x456;&#x454;&#x44E; &#x43F;&#x43E;&#x431;&#x443;&#x432;&#x430;&#x43B;&#x430; &#x443; &#x440; &#x43D;&#x430;&#x448;&#x43E;&#x43C;&#x443; &#x43C;&#x456;&#x441;&#x442;&#x456;]</subfield>
  </datafield>
  <datafield tag="300" ind1=" " ind2=" ">
    <subfield code="a">&#x421;.3</subfield>
  </datafield>
  <datafield tag="955" ind1=" " ind2=" ">
    <subfield code="a">0</subfield>
  </datafield>
  <datafield tag="773" ind1="0" ind2=" ">
    <subfield code="w">0</subfield>
    <subfield code="t">&#x420;&#x456;&#x432;&#x43D;&#x435; &#x432;&#x435;&#x447;&#x456;&#x440;&#x43D;&#x454;</subfield>
    <subfield code="d">&#x420;&#x456;&#x432;&#x43D;&#x435;</subfield>
    <subfield code="d">2004</subfield>
    <subfield code="g">&#x2116;29/20 &#x43A;&#x432;&#x456;&#x442;./</subfield>
  </datafield>
  <datafield tag="650" ind1=" " ind2="7">
    <subfield code="a">&#x410;&#x43D;&#x441;&#x43D;&#x456; &#x41C;&#x456;&#x448;&#x435;&#x43B;&#x44C; &#x424;&#x43E;&#x440;&#x442;&#x443;&#x43D;&#x430;&#x442;&#x43E;</subfield>
    <subfield code="2">UDC</subfield>
  </datafield>
  <datafield tag="999" ind1=" " ind2=" ">
    <subfield code="c">304481</subfield>
    <subfield code="d">304481</subfield>
  </datafield>
</record>
